| 000 | 00886nam a22002177a 4500 | ||
|---|---|---|---|
| 999 |
_c176321 _d176321 |
||
| 005 | 20201215113800.0 | ||
| 010 | _aENG-128659 | ||
| 020 |
_a978-93-5287-466-8 _c725.00 |
||
| 035 | _aEN-112191 | ||
| 037 | _bDBAD/PUB | ||
| 082 | _a323.63 | ||
| 245 |
_aThe State of Being Stateless: An Account of South Asia _cedited by Paula Banerjee, Anasua Basu Ray Chaudhury and Atig Ghosh |
||
| 260 |
_aTelangana _bOrient Blackswan Private Limited _c2019 |
||
| 270 |
_bTelangana _e500029 _a3-6-752, Himayatnagar, Hyderabad _minfo@orientblackswan.com |
||
| 300 |
_axvii+283p. _c22cm(pbk) _bincluding index. |
||
| 500 | _awith a foreward by Ranbir Samaddar. | ||
| 700 | _aBanerjee,Paula, Ed. | ||
| 700 | _aChaudhury, Anasua Basu Ray, Ed. | ||
| 700 | _aGhosh, Atig, Ed. | ||
| 942 |
_2ddc _cEN _h323.63 _mSTA |
||